Normal view MARC view

Entry Personal Name

Number of records used in: 1

001 - CONTROL NUMBER

  • control field: 8629

003 - CONTROL NUMBER IDENTIFIER

  • control field: DLC

005 - DATE AND TIME OF LATEST TRANSACTION

  • control field: 20210702140112.0

008 - FIXED-LENGTH DATA ELEMENTS

  • fixed length control field: 940621n| acannaab| |n aaa |||

010 ## - LIBRARY OF CONGRESS CONTROL NUMBER

  • LC control number: n 94059191

040 ## - CATALOGING SOURCE

  • Original cataloging agency: DLC
  • Transcribing agency: DLC

100 10 - HEADING--PERSONAL NAME

  • Personal name: Pinchover, Yehuda,
  • Dates associated with a name: 1953-

670 ## - SOURCE DATA FOUND

  • Source citation: Manifolds with group actions and elliptic operators, 1994:
  • Information found: CIP t.p. (Yehuda Pinchover) data sheet (b. 09/20/53)

Powered by Koha